000 00565nam a2200205Ia 4500
005 20250923144347.0
008 008 250917s9999 xx 000 0 eng d
037 _aTextual
040 _aDSWL
_beng
_cDSWL
041 _aeng
_2eng
084 _aY11:45:6, H8
_qDSWL
100 _aSchmideberg, M
_9824084
245 0 _aChildren in need
_cby M Schmideberg
260 _aLondon
_bGeorge Allen and Unwin
_c1948
300 _a191 p.
365 _aUSD
_b2.5
925 _g2.5
942 _cTEXL
_hY11:45:6, H8
999 _c1437890
_d1437890